000
00296nam a22001337a 4500
020
_a
978-93-82776-41-3
082
_a
894.812.3
_b
GEO/C
100
_a
GEORGE,BEENA,-Tr.
245
_a
CINDERELLA
260
_a
THRISSUR
_b
H&C PUBLISHING HOUSE
300
_a
48
650
_a
STORY
_z
KERALA
942
_c
BK
999
_c
1545
_d
1545